| 000 | 00413nam a22001217a 4500 | ||
|---|---|---|---|
| 082 | _a220 PRO | ||
| 100 |
_aNC Ayub Jamal GC Touseef Ahmad _971182 |
||
| 245 | _aPR-SOF-1735-EPIC- The Smart Epilepsy Notification Muscle Band | ||
| 260 |
_aISLAMABAD _bNUST COLLEGE OF EME _c2018 |
||
| 650 |
_aDE-COMP-36 DECLASS _971183 |
||
| 700 |
_aPROJECT SUPERVISORS LEC. Ali Saeed Khan Dr. Sajid Gul Khawaja _971184 |
||
| 942 | _cCR | ||
| 999 |
_c577844 _d577844 |
||